Statistics for NBA Teams by Relocation

Click here to take the quiz!

General Stats

  • This quiz has been taken 68 times
  • The average score is 9 of 14

Answer Stats

HintAnswer% Correct
New Jersey*, New York, New JerseyNets
89%
VancouverGrizzlies
87%
Seattle*Thunder
86%
MinneapolisLakers
74%
Philadelphia, San FranciscoWarriors
72%
Rochester*, Rochester Eber*, Rochester*,
Rochester*, Cincinatti*, Kansas City-Omaha, Kansas City
Kings
68%
Chicago*, Chicago*, Baltimore*, Capital*Wizards
68%
New OrleansJazz
67%
Buffalo*, San DiegoClippers
65%
Fort Wayne Zollner, Fort WaynePistons
53%
Dallas*, Texas*Spurs
53%
Oklahoma City* (temporary)Pelicans
46%
Buffalo*, Tri-Cities*, Milwaukee, St. LouisHawks
45%
San DiegoRockets
45%
Syracuse*76ers
42%

Score Distribution

Percentile by Number Answered

Percent of People with Each Score

Your Score History

You have not taken this quiz